LEADER 01369nam--2200433---450- 001 990001475080203316 005 20051128123505.0 035 $a000147508 035 $aUSA01000147508 035 $a(ALEPH)000147508USA01 035 $a000147508 100 $a20040303d1977----km-y0itay0103----ba 101 0 $aita$alat 102 $aIT 105 $aa|||||||001yy 200 1 $aStoria di Alessandro Magno re di Macedonia$fQ. Curzio Rufo$ga cura di Alberto Giacone$gcon un'appendice di Oscar Botto 210 $aTorino$cUTET$d1977 215 $a741 p.$cill.$d23 cm 225 2 $aClassici latini$v33 300 $aTrad. italiana a fronte 312 $aHistoriae Alexandri Magni 410 0$12001$aClassici latini$v33 454 1$12001$aHistoriae Alexandri Magni$919693 461 1$1001---$12001 676 $a887 700 1$aCURTIUS RUFUS,$bQuintus$0168773 702 1$aGIACONE,$bAlberto 702 1 $aBOTTO,$bOscar 801 0$aIT$bsalbc$gISBD 912 $a990001475080203316 951 $aV.3. Coll.22/ 34(VIII A coll. 71/33)$b90137 L.M.$cVIII A coll. 959 $aBK 969 $aUMA 979 $aSIAV4$b10$c20040303$lUSA01$h1801 979 $aSIAV4$b10$c20040303$lUSA01$h1845 979 $aPATRY$b90$c20040406$lUSA01$h1743 979 $aCOPAT6$b90$c20051128$lUSA01$h1235 996 $aHistoriae Alexandri Magni$919693 997 $aUNISA